Agricultural management economics : activity analysis and decision making (Record no. 11079)

000 -LEADER
fixed length control field 00307nam a22001217a 4500
040 ## - CATALOGING SOURCE
Transcribing agency HS
082 ## - DEWEY DECIMAL CLASSIFICATION NUMBER
Classification number 338 ALL 1994 C086
100 ## - MAIN ENTRY--AUTHOR NAME
Personal name ALLAN N. RAE
245 ## - TITLE STATEMENT
Title Agricultural management economics : activity analysis and decision making
260 ## - PUBLICATION, DISTRIBUTION, ETC. (IMPRINT)
Place of publication UK
Name of publisher ALLAN N. RAE
Year of publication 1994
300 ## - PHYSICAL DESCRIPTION
Number of Pages 358p;
942 ## - ADDED ENTRY ELEMENTS (KOHA)
Koha item type សៀវភៅភាសាអង់គ្លេស
952 ## - LOCATION AND ITEM INFORMATION (KOHA)
Withdrawn status [LOCAL, KOHA] 0
Holdings
Permanent Location Date acquired Koha item type Lost status Shelving location Barcode Current Location Full call number
Library Block C2017-02-15សៀវភៅភាសាអង់គ្លេស C190A04484Library Block C338 ALL 1994 C190
មជ្ឈមណ្ឌលឯការនៃសាកលវិទ្យាល័យភូមិន្ទកសិកម្មចំការដូង

Powered by Koha